[Event "Top Jeunes"]
[Site "Montpellier"]
[Date "2010.11.21"]
[Round "2.7"]
[White "Bergougnoux, Axel"]
[Black "Willems, Niels"]
[Result "1-0"]
[WhiteElo "1360"]
[BlackElo "1670"]
[PlyCount "177"]

1. e4 c6 2. Nc3 d5 3. Nf3 dxe4 4. Nxe4 Bf5 5. Ng3 Bg6 6. h4 h6 7. Ne5 Bh7 8.
Qh5 g6 9. Bc4 e6 10. Qe2 Bg7 11. d4 Nf6 12. Bd2 Qb6 13. Bc3 O-O 14. O-O-O Na6
15. Rd2 Nc7 16. Rhd1 Rfd8 17. Ne4 Ncd5 18. Bxd5 Nxd5 19. Qf3 Qc7 20. g4 Nxc3
21. Nxc3 Bxe5 22. dxe5 Rxd2 23. Rxd2 Rd8 24. Qe2 Rxd2 25. Qxd2 Kg7 26. g5 Qxe5
27. gxh6+ Kf6 28. Qd8+ Kf5 29. Qf8 Qf6 30. Kb1 Kg4 31. Qb4+ Qf4 32. Qe4 f5 33.
f3+ Kg3 34. Ne2+ Kf2 35. Qxf4 Kxe2 36. Qh2+ Kxf3 37. Kc1 f4 38. Kd1 Ke4 39. Ke2
e5 40. Qg2+ Kf5 41. Qg5+ Ke4 42. h5 gxh5 43. Qxh5 a6 44. Qf3+ Kd4 45. Qc3+ Kd5
46. Qb3+ Kd6 47. Qxb7 Bxc2 48. h7 Bxh7 49. Qxh7 Kd5 50. Kd3 c5 51. Qe4+ Kd6 52.
Kc4 Ke6 53. Qd5+ Kf5 54. Qxc5 f3 55. Kd3 Kf4 56. Qe3+ Kg3 57. Qxe5+ Kg2 58.
Qg5+ Kf1 59. Qg3 f2 60. Kd2 a5 61. Qd3+ Kg2 62. Ke3 f1=Q 63. Qxf1+ Kxf1 64. Kd2
Kf2 65. a3 Kf3 66. Kc3 Ke4 67. Kc4 Ke5 68. Kb5 a4 69. Kxa4 Kd6 70. b4 Kc7 71.
Ka5 Kb7 72. b5 Ka7 73. b6+ Kb7 74. Kb5 Kb8 75. a4 Kb7 76. a5 Kb8 77. Ka6 Ka8
78. Kb5 Kb7 79. a6+ Kb8 80. b7 Ka7 81. Kc6 Kb8 82. a7+ Kxa7 83. Kc7 Ka6 84.
b8=Q Ka5 85. Kc6 Ka4 86. Kc5 Ka3 87. Kc4 Ka2 88. Kc3 Ka1 89. Qb2# 1-0

[Event "Top Jeunes"]
[Site "Montpellier"]
[Date "2010.11.21"]
[Round "2.8"]
[White "Mautin, Arthur"]
[Black "Barbe Asensio, Cyrielle"]
[Result "1/2-1/2"]
[WhiteElo "1430"]
[BlackElo "1390"]
[PlyCount "121"]

1. d4 b6 2. c4 Bb7 3. Nc3 e6 4. Nf3 Nf6 5. Bg5 Be7 6. g3 O-O 7. Bg2 h6 8. Bf4
d5 9. Ne5 Nbd7 10. O-O c5 11. dxc5 Bxc5 12. cxd5 exd5 13. Nxd7 Qxd7 14. e4 dxe4
15. Qxd7 Nxd7 16. Nxe4 Rfe8 17. Nf6+ Nxf6 18. Bxb7 Rad8 19. Bf3 Nd5 20. Bd2 Nb4
21. Bf4 Nc2 22. Rac1 Nd4 23. Bg4 Ne2+ 24. Bxe2 Rxe2 25. Rb1 Rde8 26. Kg2 R8e4
27. Kg1 g5 28. Bb8 a5 29. a3 Re8 30. Bc7 R2e7 31. b4 axb4 32. axb4 Rxc7 33.
bxc5 bxc5 34. Rfc1 c4 35. Rc3 Rd8 36. Rb4 Rdc8 37. Kg2 Kg7 38. Kf3 Kf6 39. Ke4
h5 40. h3 Ke6 41. Rb6+ Ke7 42. Rb5 f6 43. h4 Rc5 44. Rb7+ R8c7 45. Rxc7+ Rxc7
46. hxg5 fxg5 47. f3 Kf6 48. Kd4 Kf5 49. Rxc4 Rxc4+ 50. Kxc4 g4 51. f4 Ke4 52.
Kc3 h4 53. f5 Kxf5 54. Kd2 hxg3 55. Ke3 g2 56. Kf2 Kf4 57. Kxg2 g3 58. Kg1 Kf3
59. Kf1 Kg4 60. Kg2 Kh4 61. Kg1 1/2-1/2

[Event "Top Jeunes"]
[Site "Montpellier"]
[Date "2010.11.21"]
[Round "2.9"]
[White "Barbe Asensio, Cyrielle"]
[Black "Bergougnoux, Axel"]
[Result "0-1"]
[WhiteElo "1390"]
[BlackElo "1360"]
[PlyCount "67"]

1. b3 d5 2. Bb2 c6 3. e3 Nf6 4. Nf3 Bf5 5. d3 Nbd7 6. Be2 e6 7. O-O Bd6 8. Nbd2
O-O 9. c4 Re8 10. cxd5 cxd5 11. Re1 Qc7 12. h3 Rad8 13. Qc2 Ne5 14. Bxe5 Bxe5
15. Nxe5 Qxe5 16. Qc5 Qb8 17. Rac1 a6 18. Qc3 Re7 19. Bf3 Qc8 20. e4 dxe4 21.
dxe4 Bg6 22. e5 Nd5 23. Bxd5 Rxd5 24. Nc4 Qc7 25. f4 Rd3 26. Qa1 b5 27. Nd6
Qb6+ 28. Kh1 Qf2 29. Rf1 Qe3 30. Rce1 Qc5 31. Qc1 Qb4 32. f5 Bh5 33. f6 gxf6
34. exf6 0-1

[Event "Top Jeunes"]
[Site "Montpellier"]
[Date "2010.11.21"]
[Round "2.10"]
[White "Willems, Niels"]
[Black "Mautin, Arthur"]
[Result "1-0"]
[WhiteElo "1670"]
[BlackElo "1430"]
[PlyCount "75"]

1. c4 c5 2. Nc3 Nc6 3. g3 Nf6 4. Bg2 e6 5. Nf3 d5 6. d3 dxc4 7. dxc4 Qxd1+ 8.
Kxd1 Be7 9. Bf4 O-O 10. Kc2 Rd8 11. Rhd1 h6 12. Rxd8+ Bxd8 13. Rd1 Ba5 14. Bd6
Bxc3 15. bxc3 Ne4 16. Ne5 Nxe5 17. Bxe4 Ng6 18. Bxc5 f5 19. Bg2 Kf7 20. Rb1 Ne5
21. Bxb7 Bxb7 22. Rxb7+ Kf6 23. Bd4 g6 24. Rb5 a6 25. Bxe5+ Kg5 26. Rb6 Rc8 27.
Rxe6 Rxc4 28. f4+ Kh5 29. Rxa6 Re4 30. Kd3 g5 31. e3 gxf4 32. Bxf4 Re8 33.
Rxh6+ Kg4 34. h3+ Kf3 35. h4 Ra8 36. h5 Rxa2 37. Rg6 Rh2 38. g4 1-0

[Event "Top Jeunes"]
[Site "Créteil"]
[Date "2010.11.21"]
[Round "2.1"]
[White "Loiseau, Quentin"]
[Black "Martin, Axel"]
[Result "1/2-1/2"]
[WhiteElo "2219"]
[BlackElo "1952"]
[PlyCount "93"]
[EventDate "21.??.??"]
[WhiteTeam "Créteil"]
[BlackTeam "Saint Mandé"]

1. d4 Nf6 2. c4 e6 3. g3 d5 4. Nf3 dxc4 5. Bg2 Nc6 6. O-O Rb8 7. Qc2 Nxd4 8.
Nxd4 Qxd4 9. Be3 Qd8 10. Bxa7 Ra8 11. Be3 Bd6 12. Qxc4 O-O 13. Nc3 c6 14. Rfd1
Nd5 15. Bd2 Qc7 16. Rac1 Nxc3 17. Bxc3 e5 18. Qd3 Be7 19. a3 Be6 20. Qe3 f6 21.
Bd4 Qa5 22. f4 Rad8 23. fxe5 fxe5 24. Qxe5 Qxe5 25. Bxe5 Bg5 26. Rxd8 Be3+ 27.
Kh1 Rxd8 28. Re1 Rd2 29. Bf3 g5 30. g4 h5 31. h3 hxg4 32. hxg4 Bd4 33. Bxd4
Rxd4 34. e4 Rd2 35. Re2 Rxe2 36. Bxe2 Kf7 37. Kg2 Kf6 38. Kf3 Ke5 39. Ke3 c5
40. Bd1 Bd7 41. b4 cxb4 42. axb4 b6 43. Kd3 b5 44. Ke3 Bc6 45. Be2 Bd7 46. Kd3
Bc6 47. Ke3 1/2-1/2

[Event "Top Jeunes"]
[Site "Créteil"]
[Date "2010.11.21"]
[Round "2.2"]
[White "Grigorian, Roudolph"]
[Black "Rouffignac, Tanguy"]
[Result "0-1"]
[WhiteElo "1888"]
[BlackElo "1922"]
[PlyCount "86"]
[EventDate "21.??.??"]
[WhiteTeam "Saint Mandé"]
[BlackTeam "Créteil"]

1. e4 e5 2. Nf3 Nc6 3. Bc4 Bc5 4. c3 Nf6 5. d4 exd4 6. cxd4 Bb4+ 7. Nc3 Nxe4 8.
O-O Nxc3 9. bxc3 d5 10. cxb4 dxc4 11. Re1+ Ne7 12. Qa4+ Bd7 13. b5 O-O 14. Bg5
f6 15. Qxc4+ Kh8 16. Bd2 c6 17. Bb4 Re8 18. Bxe7 Rxe7 19. a4 Rc8 20. Rxe7 Qxe7
21. Re1 Qf8 22. Qb3 Re8 23. bxc6 Bxc6 24. d5 Rxe1+ 25. Nxe1 Qf7 26. Qg3 Qe8 27.
Nd3 Bxd5 28. h3 Qxa4 29. Qb8+ Bg8 30. Nc5 Qa1+ 31. Kh2 Qe5+ 32. Qxe5 fxe5 33.
Nxb7 Bd5 34. Nc5 Kg8 35. Nd3 a5 36. Nc5 Kf7 37. f3 Ke7 38. Kg3 Kd6 39. Na4 Bb3
40. Nc3 a4 41. Kf2 Kc5 42. Ke3 a3 43. Ke4 Kc4 0-1

[Event "Top Jeunes"]
[Site "Créteil"]
[Date "2010.11.21"]
[Round "2.3"]
[White "Pruvot, Louis"]
[Black "Rodriguez, Adrien"]
[Result "1-0"]
[WhiteElo "1898"]
[BlackElo "1859"]
[PlyCount "54"]
[EventDate "21.??.??"]
[WhiteTeam "Créteil"]
[BlackTeam "Saint Mandé"]

1. d4 Nf6 2. Nf3 e6 3. c4 c5 4. d5 b5 5. dxe6 fxe6 6. cxb5 a6 7. e3 Be7 8. Nc3
Bb7 9. Be2 O-O 10. O-O Qe8 11. b3 Qg6 12. Bb2 Ne8 13. Qd3 Rf5 14. Ne4 Rxf3 15.
Bxf3 d5 16. Qe2 axb5 17. Nxc5 Bxc5 18. Bh5 Qg5 19. Bxe8 d4 20. e4 Qh4 21. Bxb5
Qf4 22. Bd3 Nd7 23. Rfc1 Bd6 24. g3 Qf6 25. a4 Rf8 26. f4 e5 27. f5 Nc5 {
Gain au coup 41} 1-0

[Event "Top Jeunes"]
[Site "Créteil"]
[Date "2010.11.21"]
[Round "2.4"]
[White "Dumas, Charles"]
[Black "Mohammad, Fahim"]
[Result "1-0"]
[WhiteElo "1800"]
[BlackElo "1866"]
[PlyCount "139"]
[EventDate "21.??.??"]
[WhiteTeam "Saint Mandé"]
[BlackTeam "Créteil"]

1. e4 c5 2. Nf3 d6 3. c3 Nf6 4. Be2 Nc6 5. d3 g6 6. O-O Bg7 7. h3 O-O 8. Be3 b6
9. Nbd2 Bb7 10. d4 Rc8 11. d5 Nb8 12. Qc2 e6 13. c4 b5 14. dxe6 fxe6 15. cxb5
d5 16. exd5 exd5 17. Rac1 Re8 18. Rfe1 Nbd7 19. Nh2 d4 20. Bc4+ Nd5 21. Bf4 Kh8
22. Bg3 Ne5 23. Bxe5 Bxe5 24. Ng4 Bg7 25. a3 Nf4 26. Bf1 Qd5 27. f3 Nh5 28.
Rxe8+ Rxe8 29. Qxc5 Qd7 30. Qc7 Qd5 31. Bc4 Qg5 32. Rd1 Bc8 33. Ne4 Qf4 34.
Qxf4 Nxf4 35. Nd6 Ne2+ 36. Bxe2 Rxe2 37. Nxc8 Rxb2 38. Nxa7 Rb3 39. Kf2 Rxa3
40. Nc6 h5 41. Nh2 d3 42. Kg3 Bh6 43. f4 d2+ 44. Kf2 Bxf4 45. Nf1 Rb3 46. Nxd2
Rxb5 47. Nd4 Re5 48. Kf3 g5 49. Ne4 Ra5 50. Rd3 Bc7 51. Ne6 Rf5+ 52. Ke3 Bb6+
53. Ke2 g4 54. hxg4 hxg4 55. Kd2 Re5 56. N6g5 Ba5+ 57. Ke3 Rf5 58. Rd7 Bb6+ 59.
Kd3 Kg8 60. Rd6 Bc7 61. Rg6+ Kf8 62. Ne6+ Kf7 63. Rg7+ Kxe6 64. Rxc7 Rd5+ 65.
Ke3 Rb5 66. Rc6+ Ke7 67. Rg6 Ra5 68. Rxg4 Ra3+ 69. Kf4 Ra4 70. Rg6 1-0

[Event "Top Jeunes"]
[Site "Créteil"]
[Date "2010.11.21"]
[Round "2.5"]
[White "Chevalier, Ezio"]
[Black "Albaric, Etienne"]
[Result "0-1"]
[WhiteElo "1640"]
[BlackElo "1707"]
[PlyCount "44"]
[EventDate "21.??.??"]
[WhiteTeam "Créteil"]
[BlackTeam "Saint Mandé"]

1. d4 Nf6 2. Nf3 g6 3. c4 Bg7 4. Nc3 d5 5. cxd5 Nxd5 6. e4 Nxc3 7. bxc3 c5 8.
Be3 O-O 9. Rc1 Qa5 10. Bc4 Nc6 11. O-O Bg4 12. h3 Bxf3 13. gxf3 cxd4 14. cxd4
Qh5 15. Kg2 Nxd4 16. Bxd4 Rad8 17. Qb3 Bxd4 18. Qxb7 Qg5+ 19. Kh1 Bxf2 20. Rc2
Bd4 21. Rg2 Qh4 22. Qb3 Qxh3+ 0-1

[Event "Top Jeunes"]
[Site "Créteil"]
[Date "2010.11.21"]
[Round "2.6"]
[White "Roque, Gaetan"]
[Black "Amghar, Ismael"]
[Result "1-0"]
[WhiteElo "1561"]
[BlackElo "1600"]
[PlyCount "77"]
[EventDate "21.??.??"]
[WhiteTeam "Saint Mandé"]
[BlackTeam "Créteil"]

1. d4 Nf6 2. c4 g6 3. Nc3 Bg7 4. e4 d6 5. Nf3 O-O 6. Be2 e5 7. dxe5 dxe5 8.
Qxd8 Rxd8 9. Bg5 Nc6 10. Nd5 Rd6 11. c5 Rxd5 12. exd5 Nxd5 13. O-O-O Ndb4 14.
a3 Na6 15. b4 Nd4 16. Nxd4 exd4 17. Bc4 Bf5 18. Rhe1 Kf8 19. Re7 Be6 20. Bxe6
fxe6 21. Rxe6 Re8 22. Rxe8+ Kxe8 23. Re1+ Kf8 24. b5 Nb8 25. Re7 a6 26. Rxc7
axb5 27. Rc8+ Kf7 28. Rxb8 h6 29. Rxb7+ Kg8 30. Bh4 g5 31. Bg3 Bf6 32. c6 d3
33. c7 d2+ 34. Kxd2 Kg7 35. c8=Q+ Kg6 36. Qd7 Kh5 37. f3 Kg6 38. Qh7+ Kh5 39.
Qf7# 1-0

[Event "Top Jeunes"]
[Site "Créteil"]
[Date "2010.11.21"]
[Round "2.7"]
[White "Le, Quan Anh"]
[Black "Parent, Leo"]
[Result "1-0"]
[WhiteElo "1420"]
[BlackElo "1009"]
[PlyCount "123"]
[EventDate "21.??.??"]
[WhiteTeam "Créteil"]
[BlackTeam "Saint Mandé"]

1. e4 e5 2. Nf3 Nc6 3. Bb5 Bc5 4. O-O Nf6 5. c3 O-O 6. d4 exd4 7. cxd4 Bb4 8.
a3 Ba5 9. d5 Ne7 10. e5 Nfxd5 11. Bg5 h6 12. Bh4 a6 13. Bc4 Nf4 14. Qc1 Nfg6
15. b4 Bb6 16. Nc3 Nxh4 17. Nxh4 c6 18. Nf3 d5 19. exd6 Qxd6 20. Ne4 Qg6 21.
Ng3 Bc7 22. Qe1 Nf5 23. Nxf5 Bxf5 24. Nh4 Qh5 25. f4 Rae8 26. Qg3 Bb6+ 27. Kh1
Bd4 28. Rad1 Bf6 29. Nxf5 Qxf5 30. Qd3 Qh5 31. Qh3 Qg6 32. Bd3 Re4 33. Rde1
Rxe1 34. Rxe1 Bc3 35. Bxg6 Bxe1 36. Bc2 Bc3 37. Qxc3 Re8 38. h4 b5 39. Qxc6
Re1+ 40. Kh2 g6 41. Qxa6 Re6 42. Qxb5 h5 43. a4 Rf6 44. Qe8+ Kh7 45. Bxg6+ fxg6
46. Qe7+ Kh6 47. Qxf6 Kh7 48. Qxg6+ Kxg6 49. a5 Kf7 50. a6 Ke7 51. a7 Kd8 52.
a8=Q+ Kd7 53. Qa6 Ke7 54. Kg3 Kf7 55. Kf3 Ke7 56. Ke4 Kf7 57. Ke5 Kg7 58. f5
Kf8 59. Qb7 Ke8 60. f6 Kf8 61. g3 Kg8 62. Qg7# 1-0

[Event "Top Jeunes"]
[Site "Créteil"]
[Date "2010.11.21"]
[Round "2.8"]
[White "Legros, Aymeric"]
[Black "Ruble, Louis"]
[Result "1-0"]
[WhiteElo "1370"]
[BlackElo "1009"]
[PlyCount "47"]
[EventDate "21.??.??"]
[WhiteTeam "Créteil"]
[BlackTeam "Saint Mandé"]

1. e4 e5 2. Nf3 Nc6 3. d4 exd4 4. Nxd4 Nxd4 5. Qxd4 Nf6 6. e5 Ng8 7. Bc4 c5 8.
Qd5 Qa5+ 9. Nc3 Kd8 10. Qxf7 Ne7 11. Bd2 b6 12. Nb5 Qa4 13. b3 Qa6 14. Nd6 Qa3
15. Bc3 Ba6 16. O-O Ng6 17. Bd5 Bxf1 18. Bxa8 Bxd6 19. exd6 Ba6 20. Bxg7 Re8
21. Bf6+ Ne7 22. Bxe7+ Rxe7 23. dxe7+ Kc7 24. e8=Q 1-0

[Event "Top Jeunes"]
[Site "Créteil"]
[Date "2010.11.21"]
[Round "2.9"]
[White "Ruble, Louis"]
[Black "Le, Quan Anh"]
[Result "1-0"]
[WhiteElo "1009"]
[BlackElo "1420"]
[PlyCount "91"]
[EventDate "21.??.??"]
[WhiteTeam "Saint Mandé"]
[BlackTeam "Créteil"]

1. d4 d5 2. Nc3 Nf6 3. Bf4 e6 4. Qd2 Nbd7 5. Nb5 Rb8 6. Bxc7 Qe7 7. Bxb8 Nxb8
8. Nxa7 Bd7 9. Qa5 g6 10. Nb5 Bxb5 11. Qxb5+ Qd7 12. Qxd7+ Nbxd7 13. e3 Bg7 14.
Nf3 O-O 15. Bb5 Nb6 16. O-O Ne4 17. Bd3 Nf6 18. Ne5 Na4 19. b3 Nb6 20. a4 Nfd7
21. Nxd7 Nxd7 22. a5 Nb8 23. c4 dxc4 24. bxc4 Nc6 25. Be4 Nd8 26. Rfb1 e5 27.
Bxb7 Nxb7 28. Rxb7 exd4 29. exd4 Bxd4 30. Ra2 Re8 31. g3 h5 32. a6 Be5 33. a7
Ra8 34. c5 Kf8 35. c6 Ke8 36. Re2 f6 37. Rxe5+ fxe5 38. Rb8+ Rxb8 39. axb8=Q+
Ke7 40. c7 e4 41. c8=R h4 42. Re8+ Kf6 43. Qf4+ Kg7 44. Qd6 Kh6 45. Rh8+ Kg5
46. Qf4# 1-0

[Event "Top Jeunes"]
[Site "Créteil"]
[Date "2010.11.21"]
[Round "2.1"]
[White "Gueriche, Guillaume"]
[Black "Aflalo, Sophie"]
[Result "1-0"]
[WhiteElo "2055"]
[BlackElo "2031"]
[PlyCount "65"]
[EventDate "21.??.??"]
[WhiteTeam "Lyon"]
[BlackTeam "A.E.C.E."]

1. Nf3 Nf6 2. c4 g6 3. d4 Bg7 4. Nc3 O-O 5. e4 d6 6. Be2 e5 7. Be3 Ng4 8. Bg5
f6 9. Bh4 Qe8 10. d5 f5 11. Nd2 Nf6 12. f3 Nh5 13. Bf2 Nd7 14. g3 a5 15. a3 Nb6
16. c5 dxc5 17. Bxc5 Bd7 18. a4 Rf6 19. O-O Nc8 20. Nc4 Nd6 21. Nxe5 fxe4 22.
Nxd7 Qxd7 23. Nxe4 Nxe4 24. fxe4 Rxf1+ 25. Bxf1 Bxb2 26. Rb1 Be5 27. Rxb7 Rd8
28. Qb3 Nf6 29. d6+ Kh8 30. Rxc7 Qg4 31. Qf7 Nd7 32. Be2 h5 33. h3 1-0

[Event "Top Jeunes"]
[Site "Créteil"]
[Date "2010.11.21"]
[Round "2.2"]
[White "Ralaivao, Maxence"]
[Black "Malka, Samuel"]
[Result "0-1"]
[WhiteElo "1868"]
[BlackElo "1966"]
[PlyCount "68"]
[EventDate "21.??.??"]
[WhiteTeam "A.E.C.E."]
[BlackTeam "Lyon"]

1. d4 Nf6 2. c4 g6 3. Nc3 Bg7 4. e4 d6 5. f4 O-O 6. Be2 c5 7. d5 e6 8. Nf3 exd5
9. cxd5 Re8 10. Nd2 Na6 11. O-O Nc7 12. a4 Rb8 13. Bf3 b6 14. Re1 Ba6 15. Qc2
Ncxd5 16. Nxd5 Nxd5 17. Nc4 Nb4 18. Qb3 Bxc4 19. Qxc4 d5 20. Qb3 dxe4 21. Be2
Nd3 22. Bxd3 exd3 23. Bd2 Qd4+ 24. Kh1 Qxb2 25. Qxd3 Red8 26. Qg3 Qxd2 27. Rab1
Qd3 28. Qg4 Qf5 29. Qf3 Rd4 30. Qc6 Qxf4 31. Rf1 Qd6 32. Qf3 Qd7 33. Qg3 Rd8
34. Qf3 Rxa4 0-1

[Event "Top Jeunes"]
[Site "Créteil"]
[Date "2010.11.21"]
[Round "2.3"]
[White "Gerstenkorn, Jim-David"]
[Black "Stark, Gabriel"]
[Result "0-1"]
[WhiteElo "1460"]
[BlackElo "1778"]
[PlyCount "72"]
[EventDate "21.??.??"]
[WhiteTeam "Lyon"]
[BlackTeam "A.E.C.E."]

1. d4 Nf6 2. c4 g6 3. Nc3 Bg7 4. e4 d6 5. Nf3 O-O 6. Be2 Nbd7 7. O-O e5 8. Be3
Ne8 9. d5 f5 10. Bg5 Ndf6 11. Nd2 h6 12. Bxf6 Nxf6 13. f3 f4 14. b4 Qe7 15. Nb3
g5 16. c5 h5 17. Re1 Kh8 18. Bf1 Bh6 19. Kh1 g4 20. Rc1 Rg8 21. Nb5 a6 22. cxd6
cxd6 23. Na3 gxf3 24. gxf3 Qg7 25. Bh3 Bxh3 26. Rg1 Qxg1+ 27. Qxg1 Rxg1+ 28.
Rxg1 Kh7 29. Rc1 Rc8 30. Nc4 Ne8 31. Nba5 b5 32. Kg1 bxc4 33. Nxc4 Bd7 34. Rc2
Bb5 35. Na3 Rxc2 36. Nxc2 Bg5 0-1

[Event "Top Jeunes"]
[Site "Créteil"]
[Date "2010.11.21"]
[Round "2.4"]
[White "Letheux, Mathias"]
[Black "Caslani, Nicolas"]
[Result "0-1"]
[WhiteElo "1374"]
[BlackElo "1698"]
[PlyCount "76"]
[EventDate "21.??.??"]
[WhiteTeam "A.E.C.E."]
[BlackTeam "Lyon"]

1. d4 Nf6 2. c4 g6 3. Nc3 Bg7 4. e4 d6 5. f4 O-O 6. Be2 c5 7. d5 Ne8 8. Nf3 Bg4
9. Nd2 Bxe2 10. Qxe2 Qa5 11. e5 Nd7 12. Nf3 Nb6 13. O-O Qb4 14. Nd2 Nd7 15. Nf3
Nb6 16. Nd2 Nd7 17. Nf3 Qb6 18. Bd2 a6 19. Rab1 Qc7 20. Rfe1 Rb8 21. a4 Bh8 22.
e6 Ndf6 23. Ng5 Ng7 24. exf7+ Rxf7 25. Nxf7 Kxf7 26. Ne4 Nxe4 27. Qxe4 b5 28.
axb5 axb5 29. cxb5 Rxb5 30. Bc3 c4 31. Bxg7 Bxg7 32. Qe6+ Kf8 33. f5 Qc5+ 34.
Kh1 Qxd5 35. Qxd5 Rxd5 36. fxg6 hxg6 37. Rbc1 Rc5 38. Rb1 Rb5 {Gain au coup 48}
0-1

[Event "Top Jeunes"]
[Site "Créteil"]
[Date "2010.11.21"]
[Round "2.5"]
[White "Guedon, Sosthene"]
[Black "Stark, Antoine"]
[Result "0-1"]
[WhiteElo "1599"]
[BlackElo "1675"]
[PlyCount "80"]
[EventDate "21.??.??"]
[WhiteTeam "Lyon"]
[BlackTeam "A.E.C.E."]

1. e4 c5 2. Nf3 d6 3. d4 cxd4 4. Nxd4 Nf6 5. Nc3 g6 6. Be3 Bg7 7. f3 Nc6 8. Qd2
O-O 9. Bc4 Bd7 10. O-O-O a6 11. h4 h5 12. Bh6 Nxd4 13. Bxg7 Kxg7 14. Qxd4 Rc8
15. Bb3 b5 16. e5 dxe5 17. Qxe5 Kh7 18. Nd5 Re8 19. Nxf6+ exf6 20. Qd6 Be6 21.
Qxa6 Qc7 22. Qxb5 Bxb3 23. Qxb3 Re3 24. Rd3 Re6 25. Rc3 Qf4+ 26. Kb1 Qh2 27.
Rd1 Rd8 28. Rcd3 Rde8 29. Qb7 R8e7 30. Rd7 Re1 31. Qb4 Qg1 32. Qd2 Rxd1+ 33.
Qxd1 Re1 34. Kc1 Rxd1+ 35. Rxd1 Qxg2 36. Rd3 Qh1+ 37. Kd2 Qxh4 38. b3 Qf2+ 39.
Kc3 h4 40. Kb2 h3 0-1

[Event "Top Jeunes"]
[Site "Créteil"]
[Date "2010.11.21"]
[Round "2.6"]
[White "Le Cour, Hugo"]
[Black "Muller, Martial"]
[Result "1-0"]
[WhiteElo "1372"]
[BlackElo "1250"]
[PlyCount "73"]
[EventDate "21.??.??"]
[WhiteTeam "A.E.C.E."]
[BlackTeam "Lyon"]

1. d4 d5 2. c4 e6 3. Nc3 Nf6 4. Bg5 Nbd7 5. Nf3 Be7 6. e3 O-O 7. Be2 c6 8. a4
Re8 9. O-O Nf8 10. Qc2 h6 11. Bh4 N6d7 12. Bxe7 Rxe7 13. Nd2 e5 14. Rfe1 exd4
15. exd4 Nf6 16. f4 Bg4 17. Bxg4 Rxe1+ 18. Rxe1 Nxg4 19. Nf3 dxc4 20. b3 cxb3
21. Qxb3 Ne6 22. Rxe6 fxe6 23. Qxe6+ Kf8 24. Qxg4 Qe7 25. Qf5+ Qf7 26. Qc5+ Qe7
27. Qc4 Qf7 28. Qd3 Qxf4 29. Ne5 Rd8 30. Ng6+ Kf7 31. Nxf4 c5 32. d5 g5 33. Ne6
Rg8 34. Qf5+ Ke7 35. Qh7+ Ke8 36. Qxg8+ Kd7 37. Qd8# 1-0

[Event "Top Jeunes"]
[Site "Créteil"]
[Date "2010.11.21"]
[Round "2.7"]
[White "Malandre, Lucie"]
[Black "Coulet, Arthur"]
[Result "0-1"]
[WhiteElo "1009"]
[BlackElo "1325"]
[PlyCount "86"]
[EventDate "21.??.??"]
[WhiteTeam "Lyon"]
[BlackTeam "A.E.C.E."]

1. e4 e6 2. Bc4 d5 3. exd5 exd5 4. Bb3 c6 5. Qe2+ Be7 6. Nf3 Bg4 7. h3 Bh5 8.
g4 Bg6 9. d3 Nf6 10. Ne5 Nbd7 11. Nxg6 fxg6 12. Bg5 O-O 13. Nd2 Re8 14. O-O-O
Bb4 15. Qf3 Ne5 16. Qf4 Bd6 17. Qd4 Nf7 18. Bh4 Be5 19. Qe3 Bxb2+ 20. Kb1 Rxe3
21. fxe3 Ba3 22. Ka1 g5 23. Bg3 c5 24. Nb1 Bb4 25. c3 Ne4 26. dxe4 Qf6 27. Kb2
dxe4 28. Rd2 a5 29. Rhd1 a4 30. Bc4 b5 31. Bxb5 Qb6 32. Bxa4 Rxa4 33. cxb4
Qxb4+ 34. Kc1 h6 35. Be5 Nxe5 36. Rd8+ Kf7 37. R1d5 Nd3+ 38. Rxd3 exd3 39. Rd7+
Ke6 40. Rxd3 Qc4+ 41. Rc3 Qf1+ 42. Kb2 Qe2+ 43. Kb3 Qxa2# 0-1

[Event "Top Jeunes"]
[Site "Créteil"]
[Date "2010.11.21"]
[Round "2.8"]
[White "Gillard, Martin"]
[Black "Coulet, Axel"]
[Result "0-1"]
[WhiteElo "1009"]
[BlackElo "1190"]
[PlyCount "42"]
[EventDate "21.??.??"]
[WhiteTeam "Lyon"]
[BlackTeam "A.E.C.E."]

1. e4 e6 2. Bc4 d5 3. exd5 exd5 4. Bb3 c6 5. Qe2+ Be6 6. d3 Nf6 7. Bg5 Be7 8.
Bxf6 Bxf6 9. Qd1 O-O 10. c3 Re8 11. Ne2 Nd7 12. O-O Bf5 13. f3 Qc7 14. g3 Bh3
15. Rf2 Re3 16. Nf4 Bf5 17. g4 Qxf4 18. gxf5 Bh4 19. Rf1 Rae8 20. Na3 Re2 21.
d4 Qxh2# 0-1

[Event "Top Jeunes"]
[Site "Créteil"]
[Date "2010.11.21"]
[Round "2.10"]
[White "Coulet, Axel"]
[Black "Malandre, Lucie"]
[Result "1-0"]
[WhiteElo "1190"]
[BlackElo "1009"]
[PlyCount "33"]
[EventDate "21.??.??"]
[WhiteTeam "A.E.C.E."]
[BlackTeam "Lyon"]

1. d4 d5 2. c4 e6 3. Nc3 Bb4 4. e3 Nf6 5. Be2 O-O 6. Nf3 Nc6 7. O-O Qd6 8. Nb5
Qd7 9. a3 Ba5 10. b4 Bb6 11. c5 Ne4 12. cxb6 axb6 13. Qd3 Nf6 14. Bd2 Nh5 15.
Bd1 Qe7 16. Bc2 Qf6 17. Qxh7# 1-0

[Event "Top Jeunes"]
[Site "Montpellier"]
[Date "2010.11.21"]
[Round "3.1"]
[White "Cabanes, Kim"]
[Black "Tobitt-Jupillat, Eric"]
[Result "1-0"]
[WhiteElo "1990"]
[BlackElo "1605"]
[PlyCount "75"]
[EventDate "21.??.??"]
[WhiteTeam "Montpellier"]
[BlackTeam "Hyères"]

1. d4 d5 2. Bf4 Nf6 3. e3 Bf5 4. c4 e6 5. Nc3 Be7 6. Qb3 Nc6 7. c5 Na5 8. Qa4+
c6 9. b4 Nc4 10. Bxc4 dxc4 11. Nge2 O-O 12. h3 Nd5 13. Bh2 b5 14. Qa3 a5 15.
Nxd5 cxd5 16. O-O axb4 17. Qxb4 Qa5 18. Qxa5 Rxa5 19. Rfe1 Rfa8 20. Ng3 Bd3 21.
e4 Rxa2 22. Rxa2 Rxa2 23. exd5 exd5 24. Nh5 Kf8 25. Nf4 Bf5 26. Nxd5 Be6 27.
Nxe7 Kxe7 28. d5 c3 29. dxe6 fxe6 30. c6 Rd2 31. c7 Kd7 32. Bf4 Rd4 33. Be5 Rd3
34. Kf1 b4 35. Rc1 g6 36. Ke1 Kc8 37. Ra1 Kb7 38. Ra8 1-0

[Event "Top Jeunes"]
[Site "Montpellier"]
[Date "2010.11.21"]
[Round "3.2"]
[White "Mamecier, Kevin"]
[Black "Allamel, Benjamin"]
[Result "0-1"]
[WhiteElo "1410"]
[BlackElo "1531"]
[PlyCount "54"]

1. e4 d6 2. d4 Nf6 3. Nc3 g6 4. Bc4 Bg7 5. Nf3 O-O 6. Be3 Nbd7 7. Qd2 e5 8.
dxe5 Nxe5 9. Nxe5 dxe5 10. Bxf7+ Kxf7 11. O-O-O Qxd2+ 12. Rxd2 Be6 13. Rhd1 b6
14. Nb5 Nxe4 15. Rd3 Rfc8 16. Re1 Nf6 17. Bg5 a6 18. Nc3 h6 19. Bh4 g5 20. Bg3
Nd7 21. Kb1 Re8 22. Red1 Re7 23. h4 Bf6 24. Ne4 Nc5 25. Nxc5 bxc5 26. hxg5 hxg5
27. Rf3 Bg4 0-1

[Event "Top Jeunes"]
[Site "Montpellier"]
[Date "2010.11.21"]
[Round "3.3"]
[White "Agussol, Lucas"]
[Black "Baudry, Remi"]
[Result "1/2-1/2"]
[WhiteElo "1586"]
[BlackElo "1619"]
[PlyCount "92"]

1. Nf3 Nf6 2. d4 g6 3. Bg5 Ne4 4. Bf4 Bg7 5. e3 c5 6. c3 O-O 7. Bd3 Nf6 8. Nbd2
Qb6 9. Qb3 d6 10. dxc5 dxc5 11. Bc4 Nc6 12. Ng5 e6 13. Qxb6 axb6 14. Bc7 h6 15.
Nge4 Nd7 16. Nd6 Ne7 17. Bb5 Nd5 18. Nxc8 Rfxc8 19. Bg3 Ne5 20. Bxe5 Bxe5 21.
Nc4 Bc7 22. O-O Rd8 23. Rfd1 Nf6 24. a3 Rxd1+ 25. Rxd1 Kf8 26. Kf1 h5 27. Ke2
Ke7 28. h3 Rd8 29. Rxd8 Bxd8 30. f3 Nd5 31. e4 Nc7 32. a4 Nxb5 33. axb5 f6 34.
b3 Bc7 35. g4 h4 36. Ke3 g5 37. Kd3 Kd7 38. Ke2 Bd8 39. Ke3 Kc7 40. f4 Be7 41.
f5 e5 42. Nd2 Bd8 43. c4 Kd7 44. Nb1 Ke7 45. Nc3 Kf7 46. Nd5 Kg7 1/2-1/2

[Event "Top Jeunes"]
[Site "Montpellier"]
[Date "2010.11.21"]
[Round "3.4"]
[White "Bourgery, William"]
[Black "Arnaud-Audiffren, Alexandre"]
[Result "1-0"]
[WhiteElo "1575"]
[BlackElo "1519"]
[PlyCount "95"]

1. e4 d6 2. d4 Nf6 3. Bd3 e5 4. c3 Nbd7 5. Bg5 Be7 6. Na3 c6 7. Nc4 exd4 8.
cxd4 d5 9. exd5 Nxd5 10. Bxe7 Qxe7+ 11. Qe2 Qxe2+ 12. Nxe2 O-O 13. O-O N7b6 14.
Nc3 Be6 15. Nd6 Rab8 16. Nxd5 Nxd5 17. a3 Rfd8 18. Nf5 Bxf5 19. Bxf5 Ne7 20.
Bc2 Rxd4 21. Rfe1 Ng6 22. Rad1 Rdd8 23. f3 Re8 24. Rxe8+ Rxe8 25. Rd7 Re7 26.
Rd8+ Nf8 27. Bxh7+ Kxh7 28. Rxf8 Kg6 29. Kf2 Re5 30. Rd8 Rd5 31. Rxd5 cxd5 32.
Ke3 Kf5 33. Kd4 Ke6 34. b4 b6 35. a4 f6 36. g3 a6 37. h4 f5 38. g4 f4 39. h5
Kd6 40. g5 Ke6 41. h6 gxh6 42. gxh6 Kf6 43. Kxd5 Kg6 44. Ke5 Kxh6 45. Kxf4 Kg7
46. Ke5 Kf8 47. Kd6 b5 48. a5 1-0

[Event "Top Jeunes"]
[Site "Montpellier"]
[Date "2010.11.21"]
[Round "3.5"]
[White "Sambuc, David"]
[Black "Baudry, Emilien"]
[Result "1-0"]
[WhiteElo "1310"]
[BlackElo "1559"]
[PlyCount "63"]

1. d4 Nf6 2. Nf3 g6 3. e3 Bg7 4. Bc4 O-O 5. O-O d6 6. Qd3 Bf5 7. Qb3 Nbd7 8.
Ng5 e6 9. h3 h6 10. Nf3 Nb6 11. Be2 a5 12. Bd2 a4 13. Qb5 Nfd5 14. Bd1 c6 15.
Qe2 g5 16. e4 Ne7 17. exf5 exf5 18. Re1 Re8 19. Qf1 f4 20. Nc3 d5 21. Be2 Nf5
22. Bd3 Nxd4 23. Nxd4 Bxd4 24. Rxe8+ Qxe8 25. Re1 Qd7 26. g3 fxg3 27. Be3 gxf2+
28. Qxf2 Bxe3 29. Qxe3 d4 30. Qe4 Rc8 31. Qh7+ Kf8 32. Qh8# 1-0